000 nam a22 7a 4500
999 _c8790
_d8790
008 180119b ||||| |||| 00| 0 eng d
100 _aSharma.R.D.
_95122
245 _aMathematics-XII
260 _aNew Delhi
_bDhanpat Rai
_c2009